[Event "Lvov Christmas op"]
[Site "Lvov"]
[Date "2022.12.30"]
[Round "6"]
[White "Karpinets, Zakhar"]
[Black "Saliuk, Yevhen"]
[Result "0-1"]
[WhiteElo "1304"]
[BlackElo "1328"]
[PlyCount "44"]
[EventDate "2022.12.30"]
[EventType "swiss (rapid)"]
[EventRounds "7"]
[EventCountry "UKR"]
[SourceTitle "CBM 211 Extra"]
[Source "ChessBase"]
[SourceDate "2023.01.31"]
[SourceVersion "1"]
[SourceVersionDate "2023.01.31"]
[SourceQuality "1"]

1. e4 e5 2. Nf3 Nc6 3. Bc4 Bc5 4. Nc3 Nf6 5. 0-0 d6 6. d3 Bg4 7. Be3 Bb6 8. h3 Bh5 9. Bg5 h6 10. Bh4 g5 11. Bg3 Qd7 12. Nd5 Nxd5 13. Bxd5 0-0-0 14. c3 Rhg8 15. b4 g4 16. hxg4 Rxg4 17. a4 Rxg3 18. Kh2 Bxf3 19. fxg3 Bxd1 20. Raxd1 Qg4 21. Bxf7 Rd7 22. Be8 Re7 0-1